| 000 | 00565nam a22001697a 4500 | ||
|---|---|---|---|
| 005 | 20251108175041.0 | ||
| 008 | 250721s2009 xx 000 0 ara d | ||
| 082 | 1 | 4 | _a956.414/سعي |
| 100 | 1 | _aسعيد، حسن إبراهيم | |
| 245 | 1 | 0 | _aيافا من الغزو النابليوني إلى حملة إبراهيم باشا ( 1799-1831) / |
| 264 | 1 |
_aالجزائر : _bوزارة الثقافة، _c2009. |
|
| 300 | _a303 ص. | ||
| 650 | 1 | 7 | _aتاريخ فلسطين |
| 700 | 1 |
_aنصار، عصام _eمراجع |
|
| 942 |
_2ddc _cBK |
||
| 999 |
_c124912 _d124912 |
||